[Event "IV Open Dicembre"]
[Site "Arco ITA"]
[Date "2013.12.29"]
[Round "5"]
[White "Duruz, Noe"]
[Black "Panjkovic, Aleksandar"]
[WhiteElo "1912"]
[BlackElo "2135"]
[Result "0-1"]
[PlyCount "128"]
[EventDate "2013.12.26"]

1. e4 c5 2. Nf3 g6 3. d4 cxd4 4. Nxd4 Nc6 5. Nc3 Bg7 6. Be3 Nf6 7. Bc4 O-O 8.
Bb3 a5 9. f3 Nxd4 10. Bxd4 d6 11. O-O Bd7 12. a4 Bc6 13. Qd2 Nd7 14. Rad1 Bxd4+
15. Qxd4 Qb6 16. Bd5 Rfc8 17. Rf2 Qxd4 18. Rxd4 Kf8 19. f4 Nb6 20. f5 Bxd5 21.
Nxd5 Nxd5 22. Rxd5 Rc4 23. e5 dxe5 24. b3 Re4 25. Rd7 Rb4 26. f6 Re8 27. Rfd2
exf6 28. Rc7 Rd4 29. Rxd4 exd4 30. Kf2 Re7 31. Rc5 Re5 32. Rc4 Rd5 33. Rc7 b5
34. axb5 Rxb5 35. Ra7 d3 36. cxd3 Rxb3 37. d4 Rd3 38. Rxa5 Rxd4 39. Ke3 Rd1 40.
Ra7 Rf1 41. Ke2 Rf5 42. Ke3 Kg7 43. h3 h5 44. Ra4 g5 45. g4 hxg4 46. Rxg4 Kg6
47. Ra4 Rf1 48. Ke2 Rf5 49. Ke3 Kh5 50. Rb4 Rf1 51. Ke2 Rh1 52. Rb6 Kg6 53. Rb3
Rh2+ 54. Kf1 f5 55. Kg1 Ra2 56. Rb4 f6 57. Rb8 f4 58. Rg8+ Kf5 59. Rf8 f3 60.
h4 g4 61. Rb8 g3 62. Rb1 Kg4 63. h5 Kxh5 64. Kh1 Kg4 0-1

[Event "IV Open Dicembre"]
[Site "Arco ITA"]
[Date "2013.12.29"]
[Round "5"]
[White "Horn, Peter"]
[Black "Rochat, Vivian"]
[WhiteElo "2148"]
[BlackElo "1800"]
[Result "1-0"]
[PlyCount "49"]
[EventDate "2013.12.26"]

1. c4 Nf6 2. Nc3 g6 3. e4 d6 4. d4 Bg7 5. Bg5 Nbd7 6. f3 h6 7. Be3 O-O 8. Qd2
Kh7 9. Bd3 e5 10. d5 Ng8 11. Nge2 Ne7 12. g4 b6 13. h4 Nc5 14. Bc2 f5 15. exf5
gxf5 16. Ng3 e4 17. fxe4 fxg4 18. e5+ Kg8 19. Bxh6 Bxe5 20. Qg5+ Kh8 21. Bg7+
Bxg7 22. Qh5+ Kg8 23. Bh7+ Kh8 24. Bg6+ Kg8 25. Qh7# 1-0

[Event "IV Open Dicembre"]
[Site "Arco ITA"]
[Date "2013.12.29"]
[Round "5"]
[White "Ovsepyan, Arshak"]
[Black "Hrescak, Ivana"]
[WhiteElo "2015"]
[BlackElo "1883"]
[Result "1-0"]
[PlyCount "113"]
[EventDate "2013.12.26"]

1. e4 c5 2. Nc3 d6 3. f4 g6 4. Nf3 Bg7 5. d3 Nc6 6. g3 Bg4 7. Bg2 Nd4 8. O-O h5
9. Nd5 h4 10. c3 Nxf3+ 11. Bxf3 Bh3 12. Rf2 hxg3 13. hxg3 Bd7 14. Qe2 e6 15.
Ne3 Ne7 16. g4 Qc7 17. Nc4 b5 18. Ne3 O-O-O 19. Nc2 d5 20. e5 g5 21. d4 gxf4
22. Bxf4 Rdg8 23. Bg5 Ng6 24. Qe3 cxd4 25. cxd4 Kb8 26. Nb4 Qb6 27. Rc1 Rh3 28.
Kg2 Rgh8 29. Rfc2 Bh6 30. Nc6+ Bxc6 31. Rxc6 Qb7 32. Bxh6 R8xh6 33. Qg5 Rh8 34.
Qf6 b4 35. Rd6 Qe7 36. Qxe7 Nxe7 37. Rd7 Nc8 38. Rxf7 Rh2+ 39. Kg3 Rxb2 40. g5
Rg8 41. Kf4 Rxa2 42. Rf6 Ra6 43. Bxd5 Rd8 44. Bxe6 Rxd4+ 45. Ke3 Rd8 46. Bxc8
Ra3+ 47. Kf4 Rxc8 48. Rxc8+ Kxc8 49. g6 Ra1 50. g7 Rg1 51. Rf8+ Kc7 52. g8=Q
Rxg8 53. Rxg8 b3 54. Rg1 a5 55. Ke3 a4 56. Kd2 a3 57. Kc3 1-0

[Event "IV Open Dicembre"]
[Site "Arco ITA"]
[Date "2013.12.29"]
[Round "5"]
[White "Trauth, Michael"]
[Black "Lezzerini, Marco"]
[WhiteElo "2199"]
[BlackElo "1990"]
[Result "1/2-1/2"]
[PlyCount "72"]
[EventDate "2013.12.26"]

1. Nf3 Nf6 2. c4 g6 3. g3 Bg7 4. Bg2 O-O 5. Nc3 d6 6. O-O a6 7. d3 e5 8. Rb1 h6
9. c5 Nc6 10. cxd6 cxd6 11. b4 Be6 12. a4 Rc8 13. b5 Ne7 14. Bb2 Ned5 15. Nxd5
Nxd5 16. Nd2 axb5 17. axb5 b6 18. Nc4 Ne7 19. Qa4 e4 20. Bxg7 Kxg7 21. Rfc1
exd3 22. exd3 Rc5 23. d4 Rc8 24. Qb4 Rxc4 25. Rxc4 Bxc4 26. Qxc4 d5 27. Qb4 Qd7
28. Re1 Re8 29. h4 h5 30. Re5 Kg8 31. Qb3 Rd8 32. Qa3 Re8 33. Qe3 Kf8 34. Qh6+
Kg8 35. Qg5 Kg7 36. Qe3 Kf8 1/2-1/2

[Event "IV Open Dicembre"]
[Site "Arco ITA"]
[Date "2013.12.29"]
[Round "6"]
[White "Lezzerini, Marco"]
[Black "Schaberg, Wolfgang"]
[WhiteElo "1990"]
[BlackElo "1866"]
[Result "1/2-1/2"]
[PlyCount "48"]
[EventDate "2013.12.26"]

1. d4 d5 2. c4 e6 3. Nc3 Nf6 4. cxd5 exd5 5. Bg5 c6 6. e3 h6 7. Bh4 Bf5 8. Qf3
Bg6 9. Bxf6 Qxf6 10. Qxf6 gxf6 11. Rc1 Nd7 12. Nf3 h5 13. Be2 h4 14. O-O f5 15.
Nd2 Bd6 16. f4 Nf6 17. Nb3 O-O-O 18. Na4 Rde8 19. Rc3 Re7 20. Bf3 Rhe8 21. Kf2
Bb4 22. Rd3 Ng4+ 23. Kg1 Rxe3 24. Rxe3 Nxe3 1/2-1/2

[Event "IV Open Dicembre"]
[Site "Arco ITA"]
[Date "2013.12.29"]
[Round "6"]
[White "Panjkovic, Aleksandar"]
[Black "Buglisi, Massimo"]
[WhiteElo "2135"]
[BlackElo "1916"]
[Result "1-0"]
[PlyCount "91"]
[EventDate "2013.12.26"]

1. c4 e5 2. g3 d6 3. Bg2 Nf6 4. Nc3 g6 5. e4 Bg7 6. Nge2 O-O 7. O-O Be6 8. d3
Qd7 9. Nd5 c6 10. Nxf6+ Bxf6 11. Bh6 Bg7 12. Bxg7 Kxg7 13. b4 Na6 14. Qb3 Nc7
15. Qc3 f6 16. d4 Rac8 17. Rad1 Qf7 18. d5 cxd5 19. exd5 Bg4 20. f3 Bd7 21. Qb3
b6 22. Nc3 f5 23. Rc1 Ne8 24. Ne2 Nf6 25. Qa3 Rc7 26. Rfd1 Rfc8 27. Qa6 Qe8 28.
Re1 Qf7 29. f4 e4 30. Bf1 Ng4 31. Rc3 Nf6 32. Rec1 Qe7 33. Qa3 b5 34. Nd4 bxc4
35. Bxc4 e3 36. Rxe3 Ne4 37. Qd3 Qf6 38. b5 Rc5 39. Nc6 Qb2 40. Qc2 Qf6 41. Kg2
a6 42. a4 h5 43. Rb3 Bxc6 44. bxc6 Qd4 45. Qb2 Rxc4 46. Rxc4 1-0

[Event "IV Open Dicembre"]
[Site "Arco ITA"]
[Date "2013.12.29"]
[Round "6"]
[White "Ramaioli, Nicholas"]
[Black "Barp, Alberto"]
[WhiteElo "1797"]
[BlackElo "1935"]
[Result "0-1"]
[PlyCount "70"]
[EventDate "2013.12.26"]

1. d4 d5 2. Nf3 Nf6 3. Bf4 e6 4. e3 c5 5. c3 Be7 6. Be2 O-O 7. O-O b6 8. Nbd2
Ba6 9. Ne5 Bxe2 10. Qxe2 Nfd7 11. Qg4 f5 12. Qh3 Nxe5 13. Bxe5 Nd7 14. Nf3 h6
15. Bf4 Rc8 16. Qg3 Kh7 17. Ne5 g5 18. h4 Nxe5 19. Bxe5 g4 20. h5 Rg8 21. f3
Qe8 22. fxg4 Rxg4 23. Qxg4 fxg4 24. Rf4 Bg5 25. Raf1 Bxf4 26. Rxf4 Qxh5 27. Kf2
Kg8 28. Rf6 Rf8 29. Rxf8+ Kxf8 30. Kg3 Qf5 31. Bb8 cxd4 32. exd4 Qc2 33. Bd6+
Kf7 34. Ba3 Kg6 35. Kxg4 Qxg2+ 0-1

[Event "IV Open Dicembre"]
[Site "Arco ITA"]
[Date "2013.12.29"]
[Round "6"]
[White "Tonina, Filippo"]
[Black "Horn, Peter"]
[WhiteElo "1868"]
[BlackElo "2148"]
[Result "0-1"]
[PlyCount "82"]
[EventDate "2013.12.26"]

1. d4 Nf6 2. c4 c5 3. d5 e5 4. Nc3 d6 5. e4 Be7 6. f3 Nh5 7. Be3 Bg5 8. Qd2
Bxe3 9. Qxe3 a6 10. g3 O-O 11. Nge2 Nd7 12. Bg2 Qe7 13. O-O g6 14. f4 exf4 15.
gxf4 f5 16. Ng3 Nxg3 17. hxg3 fxe4 18. Qxe4 Qf6 19. Qe6+ Kg7 20. Qxf6+ Nxf6 21.
Ne4 Nxe4 22. Bxe4 Bh3 23. Rfe1 Rae8 24. Bd3 Bd7 25. Kf2 Kf6 26. Kf3 h5 27. b3
Rxe1 28. Rxe1 b5 29. a3 Rb8 30. Rb1 g5 31. b4 cxb4 32. cxb5 axb5 33. Rxb4 Ra8
34. fxg5+ Kxg5 35. Bxb5 Rxa3+ 36. Kf2 Ra2+ 37. Be2 Bg4 38. Re4 Kf5 39. Re8
Rxe2+ 40. Rxe2 Bxe2 41. Kxe2 Ke4 0-1

[Event "IV Open Dicembre"]
[Site "Arco ITA"]
[Date "2013.12.29"]
[Round "6"]
[White "Trauth, Michael"]
[Black "Duruz, Noe"]
[WhiteElo "2199"]
[BlackElo "1912"]
[Result "1/2-1/2"]
[PlyCount "64"]
[EventDate "2013.12.26"]

1. Nf3 Nf6 2. c4 e6 3. g3 d5 4. b3 Be7 5. Bg2 O-O 6. O-O Nbd7 7. Bb2 c5 8. cxd5
exd5 9. d4 Re8 10. Nc3 Nb6 11. Rc1 Bf5 12. dxc5 Bxc5 13. Nd4 Bg6 14. a4 a5 15.
Ncb5 Rc8 16. e3 Nbd7 17. h3 Ne5 18. Ba1 Bd3 19. Re1 Be4 20. Re2 Qd7 21. Rd2
Bxg2 22. Kxg2 Ne4 23. Rdc2 b6 24. Qe2 Ng5 25. Qh5 h6 26. f4 Bxd4 27. Bxd4 Nd3
28. Rc7 Qf5 29. Nd6 Rxc7 30. Nxf5 Rxc1 31. fxg5 Rc2+ 32. Kg1 Rc1+ 1/2-1/2

[Event "IV Open Dicembre"]
[Site "Arco ITA"]
[Date "2013.12.29"]
[Round "6"]
[White "Xia, Jie"]
[Black "Ovsepyan, Arshak"]
[WhiteElo "2280"]
[BlackElo "2015"]
[Result "1-0"]
[PlyCount "83"]
[EventDate "2013.12.26"]

1. e4 e6 2. d4 d5 3. e5 c5 4. c3 Nc6 5. Nf3 Bd7 6. Bd3 Qb6 7. O-O cxd4 8. cxd4
Nxd4 9. Nbd2 Nc6 10. Nb3 a6 11. Be3 Qc7 12. Rc1 Nge7 13. Nc5 Ng6 14. Re1 Be7
15. b4 O-O 16. a4 Bxc5 17. Bxc5 Rfc8 18. Bd6 Qb6 19. Bc5 Qd8 20. g3 Na7 21. h4
b6 22. Be3 Rxc1 23. Bxc1 Qe8 24. Bc2 Nc6 25. h5 Nf8 26. h6 Nxb4 27. hxg7 Ng6
28. Bb1 Kxg7 29. Bg5 Bxa4 30. Qd2 a5 31. Bf6+ Kg8 32. Kg2 Qf8 33. Rh1 Rc8 34.
Ng5 h6 35. Nxe6 fxe6 36. Rxh6 Bc2 37. Bxc2 Rxc2 38. Qg5 Rxf2+ 39. Kh3 Rxf6 40.
exf6 Qf7 41. Rxg6+ Kf8 42. Rg7 1-0

[Event "IV Open Dicembre"]
[Site "Arco ITA"]
[Date "2013.12.30"]
[Round "7"]
[White "Barp, Alberto"]
[Black "Trauth, Michael"]
[WhiteElo "1935"]
[BlackElo "2199"]
[Result "1/2-1/2"]
[PlyCount "108"]
[EventDate "2013.12.26"]

1. d4 Nf6 2. c4 c5 3. d5 b5 4. cxb5 a6 5. bxa6 g6 6. Nc3 Bxa6 7. e4 Bxf1 8.
Kxf1 d6 9. Nf3 Bg7 10. g3 O-O 11. Kg2 Nbd7 12. Qe2 Qb8 13. h3 Nb6 14. Nd2 Qb7
15. a4 Nfd7 16. Ra3 Bxc3 17. bxc3 Rxa4 18. Qb5 Rfa8 19. Rxa4 Rxa4 20. Bb2 Qa6
21. Qxa6 Rxa6 22. Ra1 Rxa1 23. Bxa1 Ne5 24. f4 Nec4 25. Nxc4 Nxc4 26. Kf2 f5
27. exf5 gxf5 28. g4 fxg4 29. hxg4 Nb6 30. c4 Nxc4 31. Kf3 Kf7 32. f5 Nb6 33.
Ke4 h6 34. Bc3 Nd7 35. Bd2 Nf6+ 36. Kf3 Kg7 37. Bc3 Kh7 38. Bd2 Nxd5 39. Ke4
Nf6+ 40. Kf3 Kg7 41. Bc3 Kf7 42. Bd2 Ng8 43. Ke4 e6 44. Bf4 e5 45. Bd2 Ke7 46.
Bc1 c4 47. Kd5 Nf6+ 48. Kxc4 Nxg4 49. Kd5 Nf6+ 50. Kc6 h5 51. Bg5 d5 52. Bh4
Kf7 53. Kd6 e4 54. Ke5 Ng4+ 1/2-1/2

[Event "IV Open Dicembre"]
[Site "Arco ITA"]
[Date "2013.12.30"]
[Round "7"]
[White "Dalponte, Dino"]
[Black "Duruz, Noe"]
[WhiteElo "2011"]
[BlackElo "1912"]
[Result "1/2-1/2"]
[PlyCount "76"]
[EventDate "2013.12.26"]

1. d4 Nf6 2. c3 d5 3. Nf3 Bf5 4. Nh4 Bg4 5. h3 Bd7 6. Nf3 e6 7. Bg5 c5 8. e3
cxd4 9. exd4 Be7 10. Bd3 O-O 11. Nbd2 Nc6 12. O-O h6 13. Bh4 Rc8 14. Qe2 a6 15.
Ne5 b5 16. a3 Na5 17. Ng4 Nxg4 18. Bxe7 Qxe7 19. hxg4 Nc4 20. Nf3 a5 21. g3 b4
22. axb4 axb4 23. Ra7 Rfd8 24. Rfa1 bxc3 25. bxc3 Qe8 26. g5 hxg5 27. Nxg5 f6
28. Rxd7 Qxd7 29. Bh7+ Kh8 30. Bf5 fxg5 31. Bxe6 Qe8 32. Qg4 g6 33. Qh3+ Kg7
34. Ra7+ Kf6 35. f4 gxf4 36. gxf4 Qxe6 37. Qh4+ Kf5 38. Qh3+ Kf6 1/2-1/2

[Event "IV Open Dicembre"]
[Site "Arco ITA"]
[Date "2013.12.30"]
[Round "7"]
[White "Mortola, Alberto"]
[Black "Bertani, Gianfranco"]
[WhiteElo "1954"]
[BlackElo "2071"]
[Result "0-1"]
[PlyCount "56"]
[EventDate "2013.12.26"]

1. e4 d6 2. d4 g6 3. Nf3 Bg7 4. c3 Nf6 5. Bd3 O-O 6. O-O Bg4 7. h3 Bc8 8. Be3
Nbd7 9. Qd2 c6 10. Bh6 e5 11. Bxg7 Kxg7 12. Na3 Qc7 13. Nc2 Re8 14. Rae1 Nf8
15. dxe5 dxe5 16. Bc4 h6 17. Kh2 b5 18. Bb3 c5 19. Bd5 Nxd5 20. Qxd5 Bb7 21.
Qd2 f5 22. Nh4 Rad8 23. Qe2 Bxe4 24. Rg1 Bd3 25. Qd2 g5 26. g3 gxh4 27. gxh4+
Kh7 28. Ne3 Ng6 0-1

[Event "IV Open Dicembre"]
[Site "Arco ITA"]
[Date "2013.12.30"]
[Round "7"]
[White "Ovsepyan, Arshak"]
[Black "Buglisi, Massimo"]
[WhiteElo "2015"]
[BlackElo "1916"]
[Result "1-0"]
[PlyCount "65"]
[EventDate "2013.12.26"]

1. d4 d6 2. c4 Nf6 3. Nc3 g6 4. e4 Bg7 5. Nge2 O-O 6. Ng3 c5 7. d5 a6 8. Bd3 b5
9. cxb5 Nbd7 10. f4 Qa5 11. O-O axb5 12. Nxb5 Nb6 13. Bd2 Qa6 14. Bc3 Qb7 15.
a4 h5 16. h3 h4 17. Ne2 Nh5 18. Bxg7 Kxg7 19. Qe1 f5 20. Qxh4 Nf6 21. exf5 Qxd5
22. Rf3 Bxf5 23. Nc7 Qc6 24. Nxa8 Rh8 25. Qf2 Ne4 26. Bxe4 Bxe4 27. Nxb6 Bxf3
28. Qxf3 Qxb6 29. Qc3+ Kh7 30. Qc4 Qc6 31. Qf7+ Kh6 32. Nc3 Rb8 33. Re1 1-0